000 00417nam a2200181Ia 4500
001 15944
005 20260306170233.0
008 260306t2013||||xx |||||||||||||| ||und||
041 _aESP
082 _a620.82
_bR92
100 _aRueda Ortíz, Maury Javier
_eAUT
245 0 _aManual de ergonomía y seguridad
260 _c2013
300 _a
_c
650 _aGEN
654 _aCII
942 _cLIB
_dJUS
_fJUS
_2ddc
_n
999 _c15944
_d15944